ՀՀ Գիտությունների ազգային ակադեմիայի հիմնարար գիտական գրադարան  =   Fundamental Scientific Library of NAS RA

Многотомное руководство по патологической физиологии. (Record no. 466575)

MARC details
000 -LEADER
fixed length control field 01889nam-a2200289-a-4500
001 - CONTROL NUMBER
control field 000073391
003 - CONTROL NUMBER IDENTIFIER
control field AM-YeHGA
005 - DATE AND TIME OF LATEST TRANSACTION
control field 20250617161143.0
008 - FIXED-LENGTH DATA ELEMENTS--GENERAL INFORMATION
fixed length control field 990520s1966 xxu 000 0 rus u
040 ## - CATALOGING SOURCE
Original cataloging agency AM-YeHGA
090 ## - LOCALLY ASSIGNED LC-TYPE CALL NUMBER (OCLC); LOCAL CALL NUMBER (RLIN)
-- 469788
245 00 - TITLE STATEMENT
Title Многотомное руководство по патологической физиологии.
246 14 - VARYING FORM OF TITLE
Title proper/short title Руководство по патологической физиологии
260 ## - PUBLICATION, DISTRIBUTION, ETC.
Place of publication, distribution, etc. Москва :
Name of publisher, distributor, etc. Медицина ,
Date of publication, distribution, etc. 1966-.
300 ## - PHYSICAL DESCRIPTION
Extent том.
505 10 - FORMATTED CONTENTS NOTE
Miscellaneous information Т. 1 (1966, 460 с.) :
Title Общее учение о болезни. Резистентность и реактивность организма /
Statement of responsibility Ред.: И.Р. Петров, А.М. Чернух
Miscellaneous information Т. 2 (1966, 496 с.) :
Title Воспаление. Лихорадка. Патологическая физиология обмена веществ /
Statement of responsibility Ред. А.Д. Адо, П.Н. Веселкин
Miscellaneous information Т. 3 (1966, 664 с.) :
Title Патологическая физиология дыхания, система крови, кровообращения и почек /
Statement of responsibility Ред. тома С.В. Андреев, Н.А. Федоров
Miscellaneous information Т. 4 (1966, 548 с.) :
Title Патологическая физиология пищеварительной системы, печени, эндокринной и нервной систем /
Statement of responsibility Ред. С.М. Лейтес, С.М. Павленко
650 #4 - SUBJECT ADDED ENTRY--TOPICAL TERM
Topical term or geographic name entry element Здравоохранение, медицина
700 10 - ADDED ENTRY--PERSONAL NAME
Personal name Адо, А.Д.
Relationship edt
700 1# - ADDED ENTRY--PERSONAL NAME
Personal name Веселкин, П.Н.
Relationship edt
700 1# - ADDED ENTRY--PERSONAL NAME
Personal name Петров, И.Р
Relator term ред.
Relationship edt
700 1# - ADDED ENTRY--PERSONAL NAME
Personal name Чернух, А.М.
Relator term ред.
Relationship edt
700 1# - ADDED ENTRY--PERSONAL NAME
Personal name Андреев, С.В
Relator term ред.
Relationship edt
700 1# - ADDED ENTRY--PERSONAL NAME
Personal name Федоров, Н.А.
Relator term ред.
Relationship edt
700 1# - ADDED ENTRY--PERSONAL NAME
Personal name Лейтес, С.М
Relator term ред.
Relationship edt
700 1# - ADDED ENTRY--PERSONAL NAME
Personal name Павленко, С.М
Relator term ред.
Relationship edt
942 ## - ADDED ENTRY ELEMENTS (KOHA)
Source of classification or shelving scheme Universal Decimal Classification
Koha item type Գրքեր / Books
Holdings
Withdrawn status Lost status Source of classification or shelving scheme Damaged status Not for loan Collection Home library Current library Date acquired Serial enumeration / chronology Total checkouts Full call number Barcode Date last seen Price effective from Koha item type Public note
    Universal Decimal Classification     General Fundamental Scientific Library Fundamental Scientific Library 26/02/2018 Т. 1   PIII/21908 FL0484101 26/02/2018 26/02/2018 Գրքեր / Books 30 Days Loan
    Universal Decimal Classification     General Fundamental Scientific Library Fundamental Scientific Library 27/02/2018     PIII/22327 FL0484645 27/02/2018 27/02/2018 Գրքեր / Books 30 Days Loan
          General Fundamental Scientific Library Fundamental Scientific Library 27/02/2018 Т 4   PIII/22425 FL0484378 27/02/2018 27/02/2018 Գրքեր / Books 30 Days Loan
    Universal Decimal Classification     General Fundamental Scientific Library Fundamental Scientific Library 27/02/2018 Т. 3   PIII/22693 FL0485029 27/02/2018 27/02/2018 Գրքեր / Books 30 Days Loan
    Universal Decimal Classification     General Fundamental Scientific Library Fundamental Scientific Library 28/02/2018 Т. 2   PIII/22538 FL0484477 28/02/2018 28/02/2018 Գրքեր / Books 30 Days Loan
    Universal Decimal Classification     General Fundamental Scientific Library Fundamental Scientific Library 28/02/2018 T. 1   PIII/22539 FL0484478 28/02/2018 28/02/2018 Գրքեր / Books 30 Days Loan
    Universal Decimal Classification     General Fundamental Scientific Library Fundamental Scientific Library 28/02/2018 T. 4   PIII/23175 FL0485704 28/02/2018 28/02/2018 Գրքեր / Books 30 Days Loan
    Universal Decimal Classification     General Fundamental Scientific Library Fundamental Scientific Library 28/02/2018 Т. 3   PIII/23176 FL0485705 28/02/2018 28/02/2018 Գրքեր / Books 30 Days Loan


ՀՀ ԳԱԱ հիմնարար գիտական գրադարան
ՀՀ,Երևան 0019
Մարշալ Բաղրամյան 24/6
հեռախոս:(374-10) 52-47-50
Հետադարձ կապ

All site content, except where otherwise noted, is licensed under a
Creative Commons License